000 00423nam a22001457a 4500
005 20250526122503.0
008 250526b |||||||| |||| 00| 0 eng d
020 _a1565630491
050 _aDS 122
_bSCH
100 _aSCHURER, EMIL
245 _aA HISTORY OF THE JEWISH PEOPLE
_bIN THE TIME OF JESUS CHRIST
_cEMIL SCHURER
260 _aU S A
_bHENDRICKSON PUBLISHERS INC
_cc2003
300 _axii;, 379p;.
942 _2lcc
_cBK
_n0
999 _c5943
_d5943